| 000 | 00409nam a2200145Ia 4500 | ||
|---|---|---|---|
| 008 | 231129s2002||||xx |||||||||||||| ||spa|| | ||
| 020 | _a958-30-0952-0 | ||
| 040 | _bspa | ||
| 082 | _a(i) 808.068543 C317c | ||
| 100 | _aCarrillo Celis Marco Antonio | ||
| 245 | 0 | _aLos cafetos de la titi: magia y ternura | |
| 260 | _c2002 | ||
| 264 | _aPanamericana | ||
| 942 |
_2ddc _cBKS |
||
| 999 |
_c19523 _d19523 |
||